00464nam a2200157Ia 450000500170000000800410001708200130005810000180007124500280008926000410011730000180015865000100017694200060018695200990019299900150029120250316164742.0240331s9999 xx 000 0 und d bJABa894 aJabaar, M.J.A 0aTharappattulla avakasam aTrincomaleebV.J. Publicationsc1996 aXIII, 43 p ., aPoems cL 001040708LaWERCLbWERCLcSSCd2024-03-31l0o 894.811 JABp5789r2024-03-31w2024-03-31yL c4019d4019